000 02085cam a2200265 4500500
005 20260329013726.0
041 _afre
042 _adc
100 1 0 _aSanz Gómez, Mercedes
_eauthor
245 0 0 _aLes collectivités locales en Espagne : entre continuité et rénovation
260 _c2005.
500 _a51
520 _aRésuméDans sa première partie, l’article étudie l’évolution des Collectivités Locales en Espagne au cours de la période non démocratique (1950-1975) et du début du développement du processus décentralisateur (1978-1988). Pendant les années 90, les élus locaux ont revendiqué le besoin de renforcer l’autonomie locale au travers de la mise en place du « Pacte Local » comme voie d’une seconde ou nouvelle décentralisation. La deuxième partie traite de l’avenir des Collectivités Locales qui dépendra de l’interprétation « plus ou moins » restrictive du Pacte Local.
520 _aLocal governments in Spain: between continuity and renewalThe first part of this report deals with the evolution of Spanish local governments throughout the non-democratic period (1950-1975) and the beginning and development of the decentralization (1978-1988). In the nineties, local authorities claimed the need to reinforce their local governments by means of « local agreements ». These were the beginnings of a second or new decentralization. The second part talks about the future of local governments, that will depend on a certain restrictive interpretation of this agreement.Classification JEL : H71, H72.
690 _aautonomie locale
690 _aCollectivités Locales
690 _adécentralisation
690 _afinancement communal
690 _adecentralization
690 _afinances of town councils
690 _alocal governments
690 _aself-government
786 0 _nRevue d’Économie Régionale & Urbaine | février | 1 | 2005-02-01 | p. 31-55 | 0180-7307
856 4 1 _uhttps://shs.cairn.info/revue-d-economie-regionale-et-urbaine-2005-1-page-31?lang=fr&redirect-ssocas=7080
999 _c1882829
_d1882829